Visualizzazione normale
Vista MARC
- Milani Paola (a cura di)
di Personal Name
Records bibliografici associati: 1
001 - CONTROL NUMBER
- control field: 62810
003 - CONTROL NUMBER IDENTIFIER
- control field:
005 - DATE AND TIME OF LATEST TRANSACTION
- control field: 20251201144332.0
008 - FIXED-LENGTH DATA ELEMENTS
- fixed length control field: 251201|| aca||aabn | a|a d
040 ## - CATALOGING SOURCE
- Original cataloging agency:
- Transcribing agency:
100 ## - HEADING--PERSONAL NAME
- Personal name: Milani Paola (a cura di)
670 ## - SOURCE DATA FOUND
- Source citation: Work cat.: ()211988: Milani Paola (a cura di), Manuale di educazione familiare., 2001